La enseñanza: asignatura pendiente
Gardado en:
| Autor Principal: | |
|---|---|
| Formato: | Libro |
| Idioma: | Lingua castelá |
| Publicado: |
Barcelona
Del Drac
1989
|
| Series: | Contrastes, 5
|
| Subjects: | |
| Tags: |
Engadir etiqueta
Sen Etiquetas, Sexa o primeiro en etiquetar este rexistro!
|
MARC
| LEADER | 00000nam a2200000 a 4500 | ||
|---|---|---|---|
| 001 | UCW5527 | ||
| 003 | CL-VaPUC | ||
| 008 | 910516e19890000SP |||||||||||||||||spa|d | ||
| 082 | 0 | 4 | |a 370.193 |b TIE |2 21 |
| 100 | 0 | |a Tierno Jiménez, Bernabé |e author |9 310527 | |
| 245 | 1 | 3 | |a La enseñanza: asignatura pendiente |
| 300 | |a 203 p | ||
| 942 | |c BK | ||
| 945 | |d 19910516 00:00:00 | ||
| 260 | |a Barcelona |b Del Drac |c 1989 | ||
| 650 | 0 | |a Democratización de la educación |9 307986 | |
| 650 | 7 | |a ENSEÑANZA INDIVIDUALIZADA |2 CL-VaPUC |9 307241 | |
| 583 | |a last modification |c 19910516 00:00:00 |k Rodrigo Vera | ||
| 490 | 0 | |a Contrastes, 5 | |
| 999 | |c 218934 |d 218932 | ||
| 952 | |0 0 |1 0 |4 0 |6 370_193000000000000_TIE_1989 |7 0 |8 A |9 209286 |a BIBEDU |b BIBEDU |d 2019-11-15 |i 277111K |o 370.193 TIE 1989 |p 277111K |r 2019-11-15 |w 2019-11-15 |y BK |k EDU | ||